| 000 | 00782nam a2200253Ia 4500 | ||
|---|---|---|---|
| 003 | OSt | ||
| 005 | 20221005042305.0 | ||
| 006 | a|||||r|||| 00| 0 | ||
| 007 | ta | ||
| 008 | 221004b |||||||| |||| 00| 0 urd d | ||
| 020 |
_a8171210465 (hbk) _c45 |
||
| 024 | _a4419 | ||
| 037 |
_b6064, 25/03/2013, Educational Publishing House _cTextual |
||
| 040 |
_aCRL _cCRL _burd |
||
| 041 |
_2urd _aurd |
||
| 082 | _aO168,8x, P3 | ||
| 100 |
_aHanafi Muzaffar Ed. _9217091 |
||
| 245 | 0 | _aAzadi ke bad dilli mein urdu tanz-o-mizah | |
| 260 |
_aDelhi _bUrdu Academy India _c2003 |
||
| 300 |
_a257p. _ccm. |
||
| 650 | _aURDU SATIRE | ||
| 942 |
_hO168,8x, P3 _cTEXL _2cc |
||
| 999 |
_c950008 _d950008 |
||